header

History walks in New Jersey (Record no. 136589)

MARC details
000 -LEADER
fixed length control field 01407nam a2200361 a 4500
082 04 - DEWEY DECIMAL CLASSIFICATION NUMBER
Classification number 917.49/044
100 1# - MAIN ENTRY--AUTHOR NAME
Personal name Rosenfeld, Lucy D.,
245 10 - TITLE STATEMENT
Title History walks in New Jersey
260 ## - PUBLICATION, DISTRIBUTION, ETC. (IMPRINT)
Place of publication New Brunswick, N.J. :
Name of publisher Rivergate Books,
Year of publication c2006.
300 ## - PHYSICAL DESCRIPTION
Number of Pages x, 221 p. :
Other physical details ill.
500 ## - GENERAL NOTE
General note Includes index.
650 #0 - SUBJECT ADDED ENTRY--TOPICAL TERM
Topical Term Historic sites
Topical Term Walking
700 1# - ADDED ENTRY--PERSONAL NAME
Personal name Harrison, Marina,
856 40 - ELECTRONIC LOCATION AND ACCESS
Uniform Resource Identifier http://site.ebrary.com/lib/rucke/Doc?id=10167784

No items available.

© 2026 Rongo University
Contact us: librarian | system librarian | Rongo university